000 00740nam a2200229Ii 4500
003 JO-AjNU
008 230605s9999||||xx |||||||||||||| ||und||
017 _a1979/2692
020 _a977-247-779-2
040 _aJO-AjNU
_bara
_erda
_cJO-AjNU
041 _aara
050 1 4 _aGV1201 1990
100 3 _aالأفندي، محمد محمد حامد,
_eauthor
_917509
245 0 0 _aالألعاب الشعبية المدرسية
250 _aط6
264 3 1 _aمصر: دار المعارف، 1990
300 _a240ص
_bصور توضيحية
336 _atext
_btxt
_2rdacontent
337 _aunmediated
_bn
_2rdamedia
338 _avolume
_bnc
_2rdacarrier
650 4 _aالالعاب الشعبية- الالعاب المدرسية
_917510
999 _aA5421
_c8989
_d8989